[Event "Oldie Clash (2h/40)"]
[Site "Hannover"]
[Date "2013.06.26"]
[Round "1"]
[White "Mephisto Modena"]
[Black "SciSys Turbostar 432 KSO"]
[Result "1/2-1/2"]
[WhiteElo "1916"]
[BlackElo "1825"]
[EventDate "2013.06.21"]

1.d4 Nf6 2.c4 e6 3.Nc3 c5 4.d5 exd5 5.cxd5 d6 6.Nf3 g6 {Letzter Buchzug 
Schwarz} 7.g3 Bg7 8.Bg2 O-O 9.O-O {Letzter Buchzug Weiss} 9...Bg4 10.Bg5 
Bxf3 11.Bxf3 Qb6 12.Na4 Qc7 13.e4 Nbd7 14.Nc3 Ne5 15.Be2 Qb6 16.Qd2 c4 17.
Be3 Qa6 18.Bh6 Bxh6 19.Qxh6 Qb6 20.Rab1 Qd4 21.Qh4 Kg7 22.Rbd1 Nd3 23.Kg2 
Rfe8 24.f3 Rac8 25.Qg5 Nd7 26.Qd2 Qb6 27.b3 Qc5 28.bxc4 N3e5 29.Qd4 Nb6 
30.Nb5 Nxc4 31.Bxc4 Qxd4 32.Rxd4 Nxc4 33.Nxa7 Rc5 34.Rb1 Ra5 35.Kh3 Ne5 
36.Nb5 Nxf3 37.Nxd6 Re7 38.Rdb4 Rxa2 39.R4b2 Ng5+ 40.Kg2 Ra6 41.Rb6 Nxe4 
42.Nxe4 Rxe4 43.Rxb7 Re2+ 44.Kf3 Rxh2 45.Ke4 Rg2 46.R1b3 Re2+ 47.Kd3 Raa2 
48.Kd4 Rf2 49.Kc5 Kf6 50.d6 Rac2+ 51.Kb6 Ke5 52.d7 Rf6+ 53.Ka7 Rd2 54.Re3+
Kf5 55.Kb8 Rfd6 56.Kc8 h5 57.Re8 R2d3 58.d8=Q Rxd8+ 59.Rxd8 Rc3+ 60.Rc7 
Rxc7+ 61.Kxc7 Kg4 62.Rd3 f5 63.Kd6 f4 64.gxf4 Kxf4 65.Ke6 g5 66.Rd4+ Ke3 
67.Rd5 g4 68.Re5+ Kf3 69.Rf5+ Kg2 70.Rxh5 g3 71.Ke5 Kf2 72.Rf5+ Ke2 73.Rg5
Kf2 74.Ke4 g2 75.Kf4 g1=Q 76.Rxg1 Kxg1 1/2-1/2

[Event "Oldie Clash (2h/40)"]
[Site "Hannover"]
[Date "2013.07.04"]
[Round "1"]
[White "Fidelity Excellence 3MHz"]
[Black "Mephisto Monte Carlo I"]
[Result "1-0"]
[WhiteElo "1843"]
[BlackElo "1888"]
[EventDate "2013.06.21"]

1.e4 c5 2.Nf3 d6 3.d4 cxd4 4.Nxd4 {Letzter Buchzug Weiss} 4...Nc6 {Letzter
Buchzug Schwarz} 5.Nxc6 bxc6 6.Nc3 Be6 7.Be2 g6 8.Be3 Bg7 9.Qd3 Rb8 10.
O-O-O Qa5 11.a3 Nf6 12.Qa6 Qxa6 13.Bxa6 Nxe4 14.Nxe4 Bxb2+ 15.Kd2 c5 16.a4
Bd5 17.f3 O-O 18.Bh6 Rfd8 19.Bb5 a6 20.Bxa6 Rb4 21.Bb5 Bxe4 22.fxe4 Rxe4 
23.c3 Ba3 24.Ra1 Bb2 25.Ra2 Rh4 26.Be3 Bxc3+ 27.Kxc3 Re4 28.Re2 Re5 29.a5 
Rc8 30.Bd7 Rc7 31.Bg4 Re4 32.Bf3 Ra4 33.Bg5 e6 34.Bd8 Rc8 35.Bb6 Rb8 36.
Bc6 Ra3+ 37.Kc4 Rc8 38.Bd7 d5+ 39.Kb5 Rb3+ 40.Ka4 Rb4+ 41.Ka3 Rc4 42.Bxc8 
Rc3+ 43.Kb2 Rc4 44.Rc1 Rb4+ 45.Ka3 Rd4 46.Bxc5 Rd3+ 47.Kb4 d4 48.a6 e5 49.
a7 Kg7 50.a8=Q Rc3 51.Bh3 Rxc5 52.Rxc5 h6 53.Rcxe5 h5 54.Rd5 h4 55.Re4 g5 
56.Rxg5+ Kh6 57.Qg8 d3 58.Rxh4# 1-0

[Event "Oldie Clash (2h/40)"]
[Site "Hannover"]
[Date "2013.07.15"]
[Round "1"]
[White "Fidelity Elite A/S Budapest"]
[Black "Mephisto MM IV"]
[Result "0-1"]
[WhiteElo "1706"]
[BlackElo "1967"]
[EventDate "2013.06.21"]

1.d4 d5 2.c4 e6 3.Nc3 Nf6 4.Bg5 Be7 5.e3 O-O 6.Nf3 h6 7.Bh4 Ne4 8.Bxe7 
Qxe7 9.cxd5 Nxc3 10.bxc3 exd5 11.Qb3 {Letzter Buchzug Weiss} 11...Qd6 {
Letzter Buchzug Schwarz} 12.Bd3 Nc6 13.O-O Rb8 14.e4 dxe4 15.Bxe4 Be6 16.
d5 f5 17.dxe6 fxe4 18.Rad1 Na5 19.Rxd6 Nxb3 20.Rd5 exf3 21.axb3 Rbe8 22.
Re1 Rf6 23.e7 Rd6 24.Rde5 Rd3 25.gxf3 Rxc3 26.Rb5 b6 27.b4 Rb3 28.Rd5 Rxb4
29.Rd7 Rc4 30.Rd8 Kf7 31.Rxe8 Kxe8 32.Re6 c5 33.Rg6 Rf4 34.Rxg7 c4 35.Kg2 
Rf5 36.Rh7 b5 37.Rxh6 a5 38.Re6 b4 39.h4 c3 40.Re1 c2 41.Kg3 b3 42.Kg4 Rc5
43.h5 b2 44.h6 c1=Q 45.Rxc1 bxc1=Q 0-1

[Event "Oldie Clash (2h/40)"]
[Site "Hannover"]
[Date "2013.07.17"]
[Round "1"]
[White "Mephisto Monte Carlo IV"]
[Black "Mephisto B&P"]
[Result "1-0"]
[WhiteElo "1921"]
[BlackElo "1757"]
[EventDate "2013.06.21"]

1.e4 e5 2.Nf3 Nf6 3.Nxe5 d6 4.Nf3 Nxe4 5.d4 d5 6.Bd3 Be7 {Letzter Buchzug 
Schwarz} 7.O-O O-O 8.Re1 Bf5 9.c4 {Letzter Buchzug Weiss} 9...Bb4 10.Re2 
c6 11.Bf4 Na6 12.Qc2 Bd6 13.Bxd6 Qxd6 14.a3 Bg6 15.Ne5 Ng5 16.Nxg6 hxg6 
17.cxd5 cxd5 18.Qb3 Nc7 19.Nc3 Nge6 20.Qa4 Qf4 21.Rae1 Nxd4 22.Re7 Rfc8 
23.R1e5 a6 24.Qb4 Nde6 25.Qxf4 Nxf4 26.Bf1 d4 27.Na4 Nfd5 28.Rxc7 Nxc7 29.
Nb6 Ne6 30.b4 Rab8 31.Nd7 b5 32.Nxb8 Rxb8 33.Rd5 Rd8 34.Rxd8+ Nxd8 35.Bd3 
Ne6 36.Be4 f5 37.Bb7 Nc7 38.Kf1 Kf7 39.Ke2 Kf6 40.Kd3 Ke5 41.f4+ Kxf4 42.
Kxd4 Kg5 43.Kc5 Ne6+ 44.Kb6 Nd4 45.Bxa6 Nc2 46.Kxb5 Nxa3+ 47.Kc5 f4 48.b5 
Nxb5 49.Bxb5 Kf5 50.Bd3+ Kg5 51.Kd4 Kf6 52.Ke4 g5 53.Kf3 Ke5 54.Kg4 Kd4 
55.Be2 Ke3 56.Bf3 Kf2 57.Kxg5 Kg1 58.h4 Kf2 59.Kg6 Kg3 60.h5 Kh4 61.Kxg7 
Kg5 62.h6 Kf5 63.h7 Ke6 64.h8=Q 1-0

[Event "Oldie Clash (2h/40)"]
[Site "Hannover"]
[Date "2013.07.20"]
[Round "1"]
[White "Krypton Regency"]
[Black "Mephisto Mega IV"]
[Result "0-1"]
[WhiteElo "1817"]
[BlackElo "1907"]
[EventDate "2013.06.21"]

1.d4 d5 2.c4 c6 3.Nf3 Nf6 4.cxd5 cxd5 5.Nc3 Nc6 6.Bf4 Bf5 7.e3 e6 {Letzter
Buchzug Schwarz} 8.Ne5 {Letzter Buchzug Weiss} 8...Qa5 9.Rc1 Ne4 10.Bb5 
Nxc3 11.Bxc6+ bxc6 12.Qd2 Nxa2 13.Qxa5 Bb4+ 14.Qxb4 Nxb4 15.O-O Rc8 16.Ra1
a6 17.Ra4 Nd3 18.g4 Be4 19.f3 Nxe5 20.Bxe5 Bd3 21.Rfa1 f6 22.R4a3 Bb5 23.
Bf4 c5 24.Rc3 c4 25.e4 g5 26.Bg3 Kd7 27.h4 h5 28.exd5 exd5 29.hxg5 fxg5 
30.Be5 Rh6 31.gxh5 Rxh5 32.Re3 Rc6 33.Kf2 Rch6 34.Bg3 Re6 35.Rae1 Rb6 36.
Re5 Bc6 37.R1e2 Bb7 38.f4 Rf6 39.Kf3 Rh1 40.Rxg5 Rd1 41.Rg7+ Kc6 42.Ree7 
Ba8 43.Ra7 Rf8 44.Rxa6+ Kb5 45.Rga7 Rd3+ 46.Kf2 Bc6 47.Ra5+ Kb6 48.R7a6+ 
Kb7 49.Ra2 Rxd4 50.Ra7+ Kb6 51.R2a6+ Kc5 52.Ra5+ Bb5 53.Ra2 Rd3 54.Rc7+ 
Kb6 55.Re7 d4 56.Re2 Bc6 57.Ra3 Rxa3 58.bxa3 c3 59.Ra2 d3 60.Ke3 d2 61.
Rxd2 cxd2 62.Kxd2 Kb5 63.Kc3 Ka4 64.Kd4 Rf5 65.Kc4 Kxa3 66.Kd4 Rd5+ 67.Ke3
Kb4 68.Bh4 Rh5 69.Bg5 Kc4 70.Bd8 Rh3+ 71.Ke2 Kd4 72.Bc7 Rh2+ 73.Ke1 Be4 
74.Bb6+ Kd3 75.Bc5 Rh4 76.Kf2 Rxf4+ 77.Kg3 Rf5 78.Bb6 Bf3 79.Ba5 Rxa5 80.
Kxf3 0-1

[Event "Oldie Clash (2h/40)"]
[Site "Hannover"]
[Date "2013.07.25"]
[Round "1"]
[White "Mephisto MM II"]
[Black "Saitek Simultano C"]
[Result "1-0"]
[WhiteElo "1840"]
[BlackElo "1849"]
[EventDate "2013.06.21"]

1.e4 d6 2.d4 {Letzter Buchzug Weiss} 2...g6 {Letzter Buchzug Schwarz} 3.
Nf3 Bg7 4.Nc3 {Buchzug} 4...Nf6 {Buchzug} 5.Be2 O-O 6.O-O c6 7.a4 {Letzter
Buchzug Weiss} 7...a5 {Letzter Buchzug Schwarz} 8.Bg5 d5 9.e5 Ne4 10.Nxe4 
dxe4 11.Ne1 Bf5 12.c3 h6 13.Bh4 g5 14.Bg3 Qb6 15.Qc1 c5 16.Nc2 Rd8 17.Bc4 
Nc6 18.Ne3 e6 19.Nxf5 exf5 20.e6 f4 21.exf7+ Kf8 22.Bxf4 gxf4 23.Qxf4 cxd4
24.Qxe4 Ne5 25.Rae1 Qc6 26.Qxc6 bxc6 27.Bb3 Nd3 28.Re2 Rab8 29.Bc2 Nf4 30.
Re4 Rxb2 31.Rfe1 Rxc2 32.Re8+ Kxf7 33.Rxd8 Rxc3 34.Rd7+ Kf6 35.g3 Nd3 36.
Re8 Rc1+ 37.Kg2 Rc2 38.Rg8 Rxf2+ 39.Kh3 Ra2 40.Rgxg7 Rxa4 41.Rh7 Ne5 42.
Rxh6+ Kg5 43.Rdh7 Ra2 44.Rh5+ Kf6 45.R7h6+ Ng6 46.Rc5 Kg7 47.Rhh5 Ne7 48.
Rxa5 Rc2 49.Ra7 Kg6 50.Rh8 Nd5 51.Ra3 c5 52.Ra6+ Kg5 53.Re8 Kf5 54.g4+ Kf4
55.Rf8+ Ke4 56.Re6+ Kd3 57.g5 Nc7 58.Rc6 Nd5 59.g6 Ne7 60.g7 Kc4 61.Rc7 
Rc3+ 62.Kg4 Re3 63.Rxe7 Rxe7 64.g8=Q+ Kb4 65.Rb8+ Kc3 66.Rb3+ Kd2 67.Qc4 
Rg7+ 68.Kf3 Rf7+ 69.Qxf7 c4 70.Qxc4 Kd1 71.Qd3+ Ke1 72.Qe2# 1-0

[Event "Oldie Clash (2h/40)"]
[Site "Hannover"]
[Date "2013.07.27"]
[Round "1"]
[White "Novag Super Forte A"]
[Black "Fidelity Par Excellence"]
[Result "1-0"]
[WhiteElo "1963"]
[BlackElo "1911"]
[EventDate "2013.06.21"]

1.e4 e5 2.Nf3 Nc6 3.Bc4 Bc5 4.c3 Nf6 5.d4 exd4 6.cxd4 Bb4+ 7.Nc3 Nxe4 8.
O-O Bxc3 9.d5 Ne5 10.bxc3 Nxc4 11.Qd4 f5 12.Qxc4 d6 {Letzter Buchzug 
Schwarz} 13.Nd4 O-O 14.f3 {Letzter Buchzug Weiss} 14...Nc5 15.Ba3 b6 16.
Bxc5 dxc5 17.Nc6 Qd6 18.Rfe1 Bd7 19.Kh1 Bxc6 20.dxc6+ Kh8 21.Re6 Qd8 22.
Rae1 Rf6 23.Re7 Qd6 24.Rd7 Qxc6 25.Ree7 Rff8 26.Rxg7 Qh6 27.Rxh7+ Qxh7 28.
Rxh7+ Kxh7 29.Qh4+ Kg6 30.Qg3+ Kf6 31.Qxc7 Rfe8 32.Kg1 Re6 33.h3 a5 34.g4 
Rae8 35.Qf4 Re1+ 36.Kf2 R1e2+ 37.Kg3 R8e5 38.a4 Kg6 39.h4 fxg4 40.Kxg4 
Rg2+ 41.Kh3 Rge2 42.c4 Re1 43.Qg3+ Kh7 44.Kg4 Re7 45.Qf4 R1e5 46.Qd2 Rg7+ 
47.Kh3 Rge7 48.f4 Re3+ 49.Kg4 Kh6 50.h5 R7e6 51.Qd8 Kg7 52.Qc7+ Kh6 53.Qf7
Re2 54.Kf5 Re1 55.Qg8 R6e5+ 56.fxe5 Rf1+ 57.Ke6 Kxh5 58.Qf7+ Rxf7 59.Kxf7 
b5 60.e6 bxc4 61.e7 c3 62.e8=Q Kg4 63.Qe4+ 1-0

[Event "Oldie Clash (2h/40)"]
[Site "Hannover"]
[Date "2013.07.28"]
[Round "2"]
[White "Mephisto Rebell 5.0"]
[Black "Fidelity Par Excellence"]
[Result "1-0"]
[WhiteElo "1893"]
[BlackElo "1911"]
[EventDate "2013.06.21"]

1.e4 e5 2.Nf3 Nc6 3.d4 exd4 4.Nxd4 Bc5 5.Be3 Qf6 6.c3 Nge7 7.Nc2 Bxe3 8.
Nxe3 O-O {Letzter Buchzug Schwarz} 9.Be2 d6 10.O-O {Letzter Buchzug Weiss}
10...Re8 11.Nd2 Be6 12.f4 Qh6 13.Ng4 Qh4 14.g3 Qh3 15.f5 Bd7 16.Rf4 Kh8 
17.Nf6 gxf6 18.Rh4 Bxf5 19.Rxh3 Bxh3 20.Qb3 Nd8 21.c4 Ne6 22.Bh5 Kg7 23.g4
Nf4 24.c5 Nxh5 25.gxh5 Be6 26.Qxb7 dxc5 27.Qxc7 Rab8 28.b3 Rbd8 29.Nf3 Nc8
30.Rf1 Nd6 31.Qxc5 Nxe4 32.Qxa7 Bh3 33.Re1 Kh8 34.Kh1 Bg4 35.Ng1 Ng3+ 36.
hxg3 Rxe1 37.Qf2 Re6 38.h6 Bd1 39.b4 Rd3 40.Qg2 Ba4 41.Qa8+ Be8 42.Kg2 
Rd2+ 43.Kf1 Rd1+ 44.Kf2 Rd2+ 45.Kf3 Rd3+ 46.Kf2 Rd2+ 47.Kf3 Rb2 48.a3 Rh2 
49.b5 Rxh6 50.Ne2 Rh1 51.Nd4 Re5 52.b6 Rf1+ 53.Kg2 Rb1 54.b7 Rb2+ 55.Kf3 
Kg7 56.b8=Q Rxb8 57.Qxb8 Bd7 58.Qa7 Bb5 59.Nxb5 Rf5+ 60.Kg2 Rxb5 61.a4 
Rb2+ 62.Kh3 Ra2 63.a5 Ra1 64.Qa8 h6 65.a6 h5 66.Qb7 h4 67.a7 hxg3 68.a8=Q 
Rxa8 69.Qxa8 1-0

[Event "Oldie Clash (2h/40)"]
[Site "Hannover"]
[Date "2013.07.29"]
[Round "2"]
[White "Saitek Simultano C"]
[Black "Novag Super Forte A"]
[Result "1-0"]
[WhiteElo "1849"]
[BlackElo "1963"]
[EventDate "2013.06.21"]

1.Nf3 Nf6 2.d4 d5 3.c4 dxc4 4.Qa4+ c6 5.Qxc4 Bf5 6.Nc3 e6 7.g3 Nbd7 8.Bg2 
Be7 9.O-O O-O {Letzter Buchzug Schwarz} 10.Re1 {Letzter Buchzug Weiss} 
10...Nb6 11.Qb3 c5 12.dxc5 Bxc5 13.e4 Bg6 14.Bg5 h6 15.Bh4 Be7 16.Rac1 Rc8
17.Red1 Qe8 18.Bxf6 Bxf6 19.e5 Be7 20.Nb5 Rxc1 21.Rxc1 Qb8 22.Nfd4 Qxe5 
23.Bxb7 Bf6 24.Qa3 Qb8 25.Bg2 Nd5 26.Rc4 Rd8 27.Bf3 Nb6 28.Rb4 Qe5 29.Kg2 
Be7 30.Nc6 Bxb4 31.Qxb4 Qf6 32.Nxd8 Qxd8 33.Nxa7 Nd5 34.Qb5 Qf6 35.Nc6 Bf5
36.Kh1 Bc2 37.Qb8+ Kh7 38.Kg2 Bf5 39.Qb3 Bb1 40.Kh1 Nb6 41.Kg2 Nd5 42.a3 
Qf5 43.Nb4 Nb6 44.Qd1 e5 45.b3 f6 46.Kg1 Qg6 47.Qd8 f5 48.Bc6 Qg5 49.Qxb6 
Qc1+ 50.Kg2 Qxa3 51.Bd5 e4 52.Qb8 h5 53.Bf7 Qb2 {Schwarz gibt auf.} 54.Nc6
Qxf2+ 55.Kxf2 e3+ 56.Kxe3 f4+ 57.gxf4 Bg6 58.Qg8+ Kh6 59.Bxg6 Kxg6 60.Ne5+
Kf5 61.Qf7# 1-0

[Event "Oldie Clash (2h/40)"]
[Site "Hannover"]
[Date "2013.07.31"]
[Round "2"]
[White "Mephisto Mega IV"]
[Black "Mephisto MM II"]
[Result "1-0"]
[WhiteElo "1907"]
[BlackElo "1840"]
[EventDate "2013.06.21"]

1.e4 c5 2.Nf3 Nc6 3.d4 cxd4 4.Nxd4 g6 5.Nc3 Bg7 6.Be3 Nf6 7.Nxc6 bxc6 8.e5
{Letzter Buchzug Weiss} 8...Nd5 9.Nxd5 cxd5 10.Qxd5 Rb8 {Letzter Buchzug 
Schwarz} 11.O-O-O Qc7 12.f4 O-O 13.Qc5 Qb7 14.Bd4 Bh6 15.Qxe7 Bxf4+ 16.Kb1
Be3 17.b3 Bxd4 18.Rxd4 Qb6 19.c3 Qe6 20.Qxe6 dxe6 21.Ra4 Rb7 22.Bd3 Rd8 
23.Be4 Rc7 24.Kc2 Rcd7 25.c4 Rd4 26.Re1 a6 27.Kc3 Rd2 28.b4 Bb7 29.c5 Bxe4
30.Rxe4 Rxg2 31.Rxa6 Rxh2 32.a4 Rdd2 33.a5 Rc2+ 34.Kb3 Rce2 35.Rxe2 Rxe2 
36.Rd6 Rxe5 37.c6 Re3+ 38.Kc2 Re2+ 39.Kd3 Re1 40.Rd8+ Kg7 41.c7 Rf1 42.
c8=Q Rd1+ 43.Kc2 Rf1 44.Qc3+ Kh6 45.Qh3+ Kg7 46.Qxf1 1-0

[Event "Oldie Clash (2h/40)"]
[Site "Hannover"]
[Date "2013.08.12"]
[Round "2"]
[White "Saitek Turbo King B (EGR)"]
[Black "Krypton Regency"]
[Result "1/2-1/2"]
[WhiteElo "1849"]
[BlackElo "1817"]
[EventDate "2013.06.21"]

1.d4 d5 2.c4 e6 3.Nc3 c5 4.cxd5 exd5 5.Nf3 Nc6 6.g3 Nf6 7.Bg2 Be7 8.O-O 
O-O 9.dxc5 Bxc5 10.Bg5 {Letzter Buchzug Weiss} 10...Be7 {Letzter Buchzug 
Schwarz} 11.Bxf6 Bxf6 12.Qxd5 Qxd5 13.Nxd5 Bxb2 14.Rab1 Ba3 15.Rfd1 Rd8 
16.e4 b6 17.Nc7 Rxd1+ 18.Rxd1 Rb8 19.Nd4 Bb7 20.Nxc6 Bxc6 21.e5 Ba4 22.Rd4
Be8 23.Nxe8 Rxe8 24.Ra4 Bc5 25.Rxa7 Rxe5 26.Kf1 g5 27.f3 Kg7 28.Rd7 Kf6 
29.Rd2 h6 30.Rd7 h5 31.Rc7 h4 32.Rd7 Ke6 33.Rb7 hxg3 34.hxg3 Re3 35.Bh3+ 
f5 36.Bg2 Ra3 37.Rg7 Rxa2 38.Rg6+ Ke5 39.Rxg5 Rf2+ 40.Kg1 Rxf3+ 41.Kh2 Re3
42.g4 Kf4 43.Rxf5+ Kxg4 44.Rf2 b5 45.Bf1 b4 46.Rf7 b3 47.Kg2 b2 48.Rg7+ 
Kf4 49.Rf7+ Ke4 50.Rb7 Bd4 51.Bc4 Re1 52.Bf7 Kf5 53.Bc4 Kf4 54.Bd3 Rd1 55.
Bh7 Rg1+ 56.Kh2 Rg7 57.Rxg7 Bxg7 58.Bb1 1/2-1/2

[Event "Oldie Clash (2h/40)"]
[Site "Hannover"]
[Date "2013.08.16"]
[Round "2"]
[White "Mephisto MM IV"]
[Black "Mephisto Monte Carlo IV"]
[Result "1-0"]
[WhiteElo "1967"]
[BlackElo "1921"]
[EventDate "2013.06.21"]

1.d4 d5 2.c4 dxc4 3.Nf3 Nf6 4.e3 e6 5.Bxc4 c5 6.O-O a6 7.Qe2 b5 8.Bb3 Bb7 
9.Nc3 {Letzter Buchzug Weiss} 9...Nbd7 {Letter Buchzug Schwarz} 10.Bd2 Bd6
11.Rae1 O-O 12.Bc2 Qc7 13.dxc5 Bxf3 14.Qxf3 Bxh2+ 15.Kh1 Qxc5 16.g3 Ne5 
17.Qg2 Rad8 18.Re2 Neg4 19.Qf3 b4 20.Ne4 Nxe4 21.Bxe4 Qh5 22.Kg2 f5 23.Bc2
a5 24.Rh1 e5 25.Bb3+ Kh8 26.Kf1 Rf6 27.Qb7 Qe8 ( { [Critter 1.6a 64-bit] 
21:-6.41} 27...e4 28.Qe7 Qh3+ 29.Ke1 Rfd6 30.Kd1 Qg2 31.Rhe1 Nxf2+ 32.Kc2 
Qf3 33.Kb1 Bxg3 34.Bc1 Nd3 35.Rc2 Nxe1 36.Rc6 Rd1 37.Ka1 Rb8 38.Bxd1 Qxd1 
39.Qe6 g6 40.b3 Nd3 41.Qf6+ Kg8 42.Qe6+ Kg7 43.Qf6+ Kh6 44.Kb1 Be5 45.Qh4+
Kg7 46.Qe7+ Kg8 47.Qa7 a4 48.bxa4 ) 28.f3 Bxg3 29.fxg4 Rb8 30.Qc7 fxg4+ 
31.Kg2 Rf3 32.Bc2 e4 33.Qc4 Be5 34.Qxe4 Rg3+ 35.Kf1 g6 36.Qxg6 Qxg6 37.
Bxg6 Rh3 38.Rxh3 gxh3 39.Be4 Bxb2 40.Rh2 Re8 41.Bb1 Rd8 42.Ke2 Bc3 43.Be1 
Bxe1 44.Kxe1 Kg7 45.Rxh3 h6 46.Rh5 Rc8 47.Ke2 Rc1 48.Bd3 Ra1 49.Rxa5 b3 
50.Ra7+ Kf8 51.a4 Ra2+ 52.Kf3 Ra1 53.Rb7 h5 54.Rxb3 Rxa4 55.Rb7 Ra1 56.Rh7
Rh1 57.Bg6 h4 58.Kg2 Re1 59.e4 Kg8 60.Rxh4 Kg7 61.Bf5 Kf6 62.Rh8 Ke5 63.
Kf3 Rf1+ 64.Ke2 Ra1 65.Re8+ Kd4 66.Kf2 Rb1 67.Bg4 Ra1 68.Kg3 Ke3 69.Bh3 
Ra7 70.e5 Ke4 71.Bg2+ Kf5 72.Bf3 Ra3 73.Kg2 Re3 74.e6 Rxe6 75.Bg4+ Kxg4 
76.Rxe6 1-0

[Event "Oldie Clash (2h/40)"]
[Site "Hannover"]
[Date "2013.08.17"]
[Round "2"]
[White "Mephisto Monte Carlo I"]
[Black "Fidelity Elite A/S Budapest"]
[Result "0-1"]
[WhiteElo "1888"]
[BlackElo "1706"]
[EventDate "2013.06.21"]

1.c4 e5 2.Nf3 {Letzter Buchzug Weiss} 2...e4 {Letzter Buchzug Schwarz} 3.
Ng1 f5 4.Nc3 Nf6 5.d4 Be7 6.Bf4 O-O 7.e3 d6 8.d5 Nbd7 9.Be2 Ne5 10.Nh3 
Nfg4 11.O-O b6 12.Bg3 Bd7 13.Nf4 Bh4 14.Bxh4 Qxh4 15.h3 Nh6 16.Rc1 a6 17.
Nb1 Qe7 18.Na3 c5 19.dxc6 Bxc6 20.Qb3 g5 21.Nd5 Bxd5 22.cxd5 b5 23.Nc2 g4 
24.hxg4 ( { [Critter 1.6a 64-bit] 21:-0.13} 24.Nd4 gxh3 25.g3 Qb7 26.Rc6 
Nxc6 27.dxc6+ Qf7 28.Kh2 Qxb3 29.axb3 Ng4+ 30.Kxh3 Ne5 31.f4 exf3 32.Bxf3 
Nxf3 33.Rxf3 d5 34.Kg2 Rac8 35.b4 Rf6 36.g4 Rcxc6 37.Nxc6 Rxc6 38.Rxf5 
Rc2+ 39.Rf2 Rxf2+ 40.Kxf2 Kf7 41.Kf3 ) 24...Nhxg4 25.g3 Qf7 26.Nd4 Qh5 27.
Bxg4 Nxg4 28.Qxb5 Qh2# 0-1

[Event "Oldie Clash (2h/40)"]
[Site "Hannover"]
[Date "2013.08.26"]
[Round "2"]
[White "SciSys Turbostar 432 KSO"]
[Black "Fidelity Excellence 3MHz"]
[Result "0-1"]
[WhiteElo "1825"]
[BlackElo "1843"]
[EventDate "2013.06.21"]

1.e4 e5 2.Nf3 Nc6 3.Nc3 Nf6 4.Bb5 Bb4 5.O-O O-O 6.d3 d6 7.Bg5 Bxc3 8.bxc3 
{Letzter Buchzug Weiss} 8...Qe7 {Letzter Buchzug Schwarz} 9.Bxc6 bxc6 10.
Nd2 h6 11.Bh4 Rb8 12.Qf3 Be6 13.Bxf6 Qxf6 14.Qxf6 gxf6 15.Rfb1 f5 16.c4 
fxe4 17.Nxe4 f5 18.Nc3 Kf7 19.f3 Kf6 20.Kf2 a5 21.Rb3 Rb6 22.Re1 Rfb8 23.
Nd1 d5 24.Ra3 Ra8 25.cxd5 cxd5 26.Rc3 c6 27.g3 a4 28.f4 e4 29.Ke3 Ke7 30.
a3 Kd6 31.Kd4 Rb5 32.Ke3 c5 33.d4 cxd4+ 34.Kxd4 Rab8 35.Ne3 h5 36.Ra1 R8b6
37.Re1 Rb7 38.Ra1 Rb8 39.Re1 Re8 40.Ra1 Re7 41.Re1 Rf7 42.Ra1 Rfb7 43.Re1 
Rb2 44.Rc5 Ra2 45.Ra5 Rxa3 46.Ra6+ Ke7 47.Ke5 Bc8 48.Nxd5+ Kd8 49.Rh6 Rb5 
50.Rxh5 Ra5 51.c4 Rc3 52.Rh8+ Kd7 53.Kxf5 Rxc4 54.Ke5 Bb7 55.Rh7+ Kc8 56.
Rd1 Rcc5 57.Rxb7 Kxb7 58.Kxe4 a3 59.Ne3 a2 60.Ra1 Ra4+ 61.Kd3 Rb5 62.Kc2 
Rba5 63.h4 Re4 64.Kd3 Rb4 65.Kc2 Re4 66.Kd2 Ra3 67.Nf5 Kb6 68.h5 Ra5 69.
Ng7 Rd5+ 70.Kc3 Re7 71.h6 Rc7+ 72.Kb4 Rb5+ 73.Ka4 Ra7# 0-1

[Event "Oldie Clash (2h/40)"]
[Site "Hannover"]
[Date "2013.08.30"]
[Round "3"]
[White "Mephisto Modena"]
[Black "Mephisto Rebell 5.0"]
[Result "1/2-1/2"]
[WhiteElo "1916"]
[BlackElo "1893"]
[EventDate "2013.06.21"]

1.d4 Nf6 2.c4 g6 3.Nc3 d5 4.cxd5 Nxd5 5.e4 Nxc3 6.bxc3 Bg7 7.Bc4 {Letzter 
Buchzug Weiss} 7...O-O {Letzter Buchzug Schwarz} 8.Nf3 Nd7 9.Bf4 Nb6 10.
Be2 Bg4 11.O-O Rc8 12.Ne5 Bxe2 13.Qxe2 e6 14.Rfd1 Qe7 15.a4 f6 16.Nf3 e5 
17.Bg3 Qe6 18.a5 Nc4 19.dxe5 fxe5 20.Qa2 Rce8 21.Rd5 c6 22.Ng5 Qe7 23.Rdd1
Qxg5 24.Qxc4+ Kh8 25.a6 Qe7 26.axb7 Qxb7 27.Bh4 Rf7 28.Bg5 Rd7 29.Rxd7 
Qxd7 30.Be3 Ra8 31.Qa6 Bf8 32.Bb6 Be7 33.h3 Bf8 34.Ra5 Qd2 35.Qb7 Qc1+ 36.
Kh2 axb6 37.Rxa8 Qf4+ 38.Kg1 Qc1+ 39.Kh2 Qf4+ 40.Kg1 Qc1+ 41.Kh2 Qf4+ 
1/2-1/2

[Event "Oldie Clash (2h/40)"]
[Site "Hannover"]
[Date "2013.09.04"]
[Round "3"]
[White "Fidelity Elite A/S Budapest"]
[Black "SciSys Turbostar 432 KSO"]
[Result "1-0"]
[WhiteElo "1706"]
[BlackElo "1825"]
[EventDate "2013.06.21"]

1.Nf3 d5 2.c4 c6 3.b3 Nf6 4.g3 Bg4 5.Bg2 {Letzter Buchzug Weiss} 5...Nbd7 
6.d4 Bxf3 7.Bxf3 e5 {Letzter Buchzug Schwarz} 8.O-O dxc4 9.bxc4 exd4 10.
Qxd4 Bc5 11.Qb2 Nb6 12.Qe5+ Be7 13.Qf4 O-O 14.Ba3 Bxa3 15.Nxa3 Qe7 16.Nc2 
Qc5 17.Rab1 Rad8 18.Rb4 a5 19.Rbb1 Rfe8 20.Ne3 Rd7 21.Rfd1 Rxd1+ 22.Rxd1 
h6 23.Bg2 Na4 24.Rd3 Qb4 25.Rb3 Qe1+ 26.Bf1 Nc3 27.Qf3 b5 28.cxb5 cxb5 29.
Nf5 Nxe2+ 30.Kg2 Re5 31.Re3 Rxe3 32.Qxe3 Qb1 33.Ne7+ Kh7 34.Qxe2 Kh8 35.f3
Qc1 36.Qxb5 Qa3 37.Qb8+ Kh7 38.Qb1+ Kh8 39.Nf5 Qc3 40.Bd3 Qd2+ 41.Kh3 Qc3 
42.Qb8+ Kh7 43.Qf8 Ne4 44.Bxe4 h5 45.Nxg7+ Kh6 46.Ne6+ Qg7 47.Qxg7# 1-0

[Event "Oldie Clash (2h/40)"]
[Site "Hannover"]
[Date "2013.09.06"]
[Round "3"]
[White "Mephisto Monte Carlo IV"]
[Black "Mephisto Monte Carlo I"]
[Result "1/2-1/2"]
[WhiteElo "1921"]
[BlackElo "1888"]
[EventDate "2013.06.21"]

1.d4 f5 2.g3 Nf6 3.Bg2 e6 4.Nf3 Be7 5.O-O O-O 6.c4 {Letzter Buchzug Weiss}
6...d5 {Letzter Buchzug Schwarz} 7.a4 Bd7 8.Ne5 Bc6 9.Nc3 dxc4 10.Bxc6 
Nxc6 11.Nxc6 bxc6 12.Be3 Rb8 13.Qc1 Nd5 14.Nd1 Qd7 15.Bd2 c5 16.dxc5 Bxc5 
17.Qxc4 Be7 18.Rc1 Nb6 19.Qd3 Qxd3 20.exd3 Bd6 21.Nc3 Nd5 22.Nb5 a6 23.
Nxd6 cxd6 24.Bc3 Nxc3 25.bxc3 Rfc8 26.c4 a5 27.Rb1 Rb4 28.Rxb4 axb4 29.Rb1
Rb8 30.d4 b3 31.a5 e5 32.dxe5 dxe5 33.c5 e4 34.c6 Rc8 35.Rxb3 Rxc6 36.Rb8+
Kf7 37.Rb7+ Kg8 38.Ra7 Rc1+ 39.Kg2 Rc2 40.Kf1 Rc1+ 41.Ke2 g5 42.a6 Rc2+ 
43.Ke3 Ra2 44.Ra8+ Kg7 45.h4 gxh4 46.gxh4 Kh6 47.Ra7 Kg6 48.h5+ Kxh5 49.
Rxh7+ Kg6 50.Ra7 Kf6 51.Ra8 Ke5 52.Re8+ Kf6 53.Ra8 Ke5 54.Re8+ Kf6 55.Ra8 
1/2-1/2

[Event "Oldie Clash (2h/40)"]
[Site "Hannover"]
[Date "2013.09.11"]
[Round "3"]
[White "Krypton Regency"]
[Black "Mephisto B&P"]
[Result "1/2-1/2"]
[WhiteElo "1817"]
[BlackElo "1757"]
[EventDate "2013.06.21"]

1.c4 e5 2.Nc3 Nf6 3.Nf3 Nc6 {Letzter Buchzug Schwarz} 4.d3 {Letzter 
Buchzug Weiss} 4...Bc5 5.Bg5 Bb4 6.a3 Bxc3+ 7.bxc3 d6 8.Rb1 Rb8 9.e4 Bg4 
10.h3 Bh5 11.Be2 Qe7 12.Nh4 Bxe2 13.Qxe2 O-O 14.Nf5 Qe6 15.O-O a5 16.Ne3 
b6 17.Nd5 Nxd5 18.cxd5 Qg6 19.Qd2 Na7 20.Qe3 Rfc8 21.Bh4 c5 22.dxc6 Rxc6 
23.c4 Qh5 24.Bg3 Nc8 25.Rb2 Rb7 26.Rfb1 Rbc7 27.a4 Rd7 28.Bh2 Rc5 29.Rc1 
Rc6 30.Bg3 Rdc7 31.Rcb1 Rd7 32.Bh2 Rc5 33.Rc1 Rc6 34.Bg3 Rdc7 35.Rcb1 
1/2-1/2

[Event "Oldie Clash (2h/40)"]
[Site "Hannover"]
[Date "2013.09.13"]
[Round "3"]
[White "Mephisto MM II"]
[Black "Saitek Turbo King B (EGR)"]
[Result "0-1"]
[WhiteElo "1840"]
[BlackElo "1849"]
[EventDate "2013.06.21"]

1.e4 c5 2.Nc3 {Letzter Buchzug Weiss} 2...e6 {Letzter Buchzug Schwarz} 3.
Bb5 a6 4.Bc4 Nf6 5.e5 d5 6.exf6 dxc4 7.fxg7 Bxg7 8.Qe2 b5 9.Qf3 Bd7 10.Qh5
Qe7 11.Nh3 Nc6 12.O-O Nd4 13.Qg4 O-O 14.Qd1 e5 15.Ne4 Bxh3 16.gxh3 f5 17.
Ng3 Qh4 18.c3 Ne6 19.Qh5 Qf6 20.Kh1 a5 21.Qe2 Nf4 22.Qf3 Nd3 23.Nh5 Qh4 
24.Nxg7 Kxg7 25.a4 b4 26.Qg3+ Qxg3 27.fxg3 Rad8 28.cxb4 cxb4 29.Rg1 Nxc1 
30.Raxc1 Rxd2 31.Rxc4 Rxb2 32.Rc7+ Rf7 33.Rc5 Rd7 34.Rgc1 Rdd2 35.Rxa5 
Rxh2+ 36.Kg1 Rhg2+ 37.Kf1 Rbf2+ 38.Ke1 Re2+ 39.Kf1 Ref2+ 40.Ke1 Re2+ 41.
Kf1 Kf6 42.Rc6+ Kg5 43.Ra7 f4 44.Rg7+ Kf5 45.gxf4 Ref2+ 46.Ke1 Kxf4 47.Rb6
Ke3 48.Rxg2 Rxg2 49.Kd1 Kd3 50.Ke1 Rb2 51.Rb7 b3 52.a5 Ke3 53.Kf1 Rb1+ 54.
Kg2 Kd3 55.Rxh7 b2 56.Rb7 e4 57.a6 Kc2 58.Rc7+ Kd1 59.Rb7 Kc1 60.Rc7+ Kd2 
61.a7 Ra1 62.Rb7 Kc2 63.Rc7+ Kd1 64.Rd7+ Kc1 65.Rc7+ Kb1 66.Rf7 Ra3 67.Rb7
Ka2 68.h4 b1=Q 69.Rxb1 Kxb1 70.Kf2 Rxa7 71.Ke3 Rh7 72.h5 Rxh5 73.Kxe4 0-1